Fonts Quiz - Statistics

General Stats
  • This quiz has been taken 52 times
  • The average score is 3 of 10
Answer Stats
TEXT FONT % Correct
A quick brown fox jumps over the lazy dog. Arial
83%
A quick brown fox jumps over the lazy dog. Times
77%
A quick brown fox jumps over the lazy dog. Calibri
36%
A quick brown fox jumps over the lazy dog. Courier
28%
A quick brown fox jumps over the lazy dog. Impact
23%
A quick brown fox jumps over the lazy dog. Verdana
17%
A quick brown fox jumps over the lazy dog. Lucida Sans
11%
A quick brown fox jumps over the lazy dog. Garamond
9%
A quick brown fox jumps over the lazy dog. Tahoma
9%
A quick brown fox jumps over the lazy dog. Palatino Linotype
6%
No matching quizzes found
Score Distribution
Percent of People with Each Score
Percentile by Number Answered
Your Score History
You have not taken this quiz